000 00611nam a22002297a 4500
003 URS
005 20250828100450.0
008 250403b ||||| |||| 00| 0 eng d
020 _a9711001926
040 _cURS
050 _aJX1291
_b.S24 1975
100 _912125
_aSantiago, Miriam Defensor
245 _aInternational relations
264 _c©1975
300 _a164 pages.,:
336 _2rdacontent
_atext
337 _2rdamedia
_aunmediated
338 _2rdacarrier
_avolume
650 0 _96309
_aInternational relations
_xStudy and teaching.
700 _912126
_aRomulo, Carlos P.
942 _2lcc
_cF
999 _c84633
_d84631